Switzerland 1850-1958 (Record no. 1709)

000 -LEADER
fixed length control field 00519nam a22000977a 4500
008 - FIXED-LENGTH DATA ELEMENTS--GENERAL INFORMATION
fixed length control field 150914b xxu||||| |||| 00| 0 eng d
100 ## - MAIN ENTRY--AUTHOR'S NAME
Author's Name Zinsmeister, Marian Carne
245 ## - TITLE STATEMENT
Title Switzerland 1850-1958
Remainder of title detailed information concerning the stamps of Switzerland - when, why and how issued
Designation of section section/part/series: (SE) [OBSOLETE] S.P.A. handbook ; no. 11
260 ## - PUBLICATION, DISTRIBUTION, ETC. (IMPRINT)
Place of publication, distribution, etc. Chicago
Name of publisher, distributor, etc. Society of Philatelic Americans
Date of publication, distribution, etc. 1959
650 ## - TOPICAL TERM (Tag)
Topical term or geographic name Switzerland | 1850-1958 | Definitive Issues | Commemorative Issues | Semi-postal Issues | Production | Designs | 19th Century | 20th Century
Holdings
Withdrawn status Lost status Source of classification or shelving scheme Damaged status Koha normalized classification for sorting Not for loan Permanent Location Current Location Date acquired Total Checkouts Full call number Barcode Date last seen Price effective from Koha item type Collection code Copy number
        G6040 A11 Z78   Northern Philatelic Library Northern Philatelic Library 09/14/2015   G6040 A11 .Z78 1001979 09/14/2015 09/14/2015 Books    
        G6040 A11 Z78   Northern Philatelic Library Northern Philatelic Library 03/05/2018   G6040 A11 .Z78 1002944 03/05/2018 03/05/2018     2

Powered by Koha